00000000nam##2200000za#4500
0019.601381
003CaOODSP
00520210624210039
007cr |||||||||||
008150406|2007||||xxc|||||o    f|0| 0 fre|d
022 |a1919-5117
040 |aCaOODSP|bfre
043 |an-cn---
0861 |aFs70-6/2007-012F-PDF
1101 |aCanada. |bMinistère des pêches et des océans. |bRégion du Québec.
24510|aÉvaluation du stock de maquereau bleu du nord-ouest de l'Atlantique (sous-régions 3 et 4) en 2006 |h[ressource électronique]
260 |aMont-Joli - Québec : |bPêches et Océans Canada. |cAvril 2007.
300 |a20p.|bcartes en couleur, graphiques, références, tableaux, photographies
4901 |aSecrétariat canadien de consultation scientifique, avis scientifique |x1919-5117|v2007/012, Région du Québec
590 |a11-20-Supp|b2011-09-29
77508|tAssessment of the Atlantic mackerel stock for the Northwest Atlantic (subareas 3 and 4) in 2006 |w(CaOODSP)9.570733
830#0|aAvis scientifique (Secrétariat canadien de consultation scientifique)|x1919-5117|v2007/012, Région du Québec|w(CaOODSP)9.502624
85640|ahttp://publications.gc.ca|qPDF|s558 Ko|uhttps://publications.gc.ca/collections/collection_2011/mpo-dfo/Fs70-6-2007-012-fra.pdf|y2007/012, Région du Québec